00875naa#a2200193#i#4500001001600000005001700016011001400033100004100047102000700088200014200095210012800237215001000365608004500375675007300420700005200493700005600545700006400601856001600665RU\\bibl\11979420260418051930.6##a1819-4036##a20210226b2021####ek#y0rusy0150####ca##aRU1#aСЕРА В ПОЧВАХ МИНУСИНСКОЙ ЛЕСОСТЕПИ КРАСНОЯРСКОГО КРАЯeЖурнальная статья1#aКрасноярскcКрасноярский государственный аграрный университетd2021##a8 с.##aЖурнальная статья2local##aОбщие вопросы сельского хозяйства. 631#1aВолошинgЕвгений Иванович#1aСергеевgАлександр Петрович#1aЮфероваgЕкатерина Владимировна4#asej.kgau.ru